Szczegóły MARC21

Das dritte Buch über Achim : Roman /

003 -Nazwa inst., której nr kontr. jest w polu 001 [,]
    • @
    • Nazwa instytucji, której n kontrolny jest w polu 001
    • NUKAT
005 -DATA I CZAS OSTATNIEJ MODYFIKACJI [,]
    • @
    • pole kontrolne
    • 20241231095439.0
020 -Międzynarod. znormalizowany nr książki - ISBN [ , ]
    • a
    • Numer ISBN
    • 3518366696 Find
040 -Instytucja sporządzająca opis [ , ]
    • a
    • Instytucja, która sporządziła opis (NP)
    • LUBL KUL/AP
    • b
    • Język katalogowania
    • pol
    • e
    • Zasady katalogowania
    • rda
    • c
    • Instytucja, która sporządziła rekord (NP)
    • LUBL KUL/AP
    • d
    • Instytucja, która zmodyfikowała rekord (P)
    • LUBL KUL/AP
    • d
    • Instytucja, która zmodyfikowała rekord (P)
    • SZCZ U/JSs
942 -Rodzaj dokumentu [ , ]
    • c
    • Rodzaj dokumentu
    • Książka
100 -Hasło główne - nazwa osobowa [1, ]
    • a
    • Nazwa osobowa (NP)
    • Johnson, Uwe
    • d
    • Daty biograficzne (NP)
    • (1934-1984).
    • e
    • Rodzaj współpracy
    • Autor
    • 9
    • KHW
    • 238962
240 -Tytuł ujednolicony [1,0]
    • a
    • Tytuł ujednolicony
    • Dritte Buch über Achim
    • l
    • Język tekstu
    • (niem.)
    • 9
    • KHW
    • 485195
245 -Strefa tytułu i oznaczenia odpowiedzialności [1,4]
    • a
    • Tytuł
    • Das dritte Buch über Achim : Find
    • b
    • Ciąg dalszy tytułu (NP)
    • Roman / Find
    • c
    • Pozostałe elementy strefy tytułu i oznaczenia odpowiedzialności (NP)
    • Uwe Johnson.
260 -Strefa adresu wydawniczego [ , ]
    • a
    • Miejsce wydania (P)
    • Frankfurt a. M. :
    • b
    • Nazwa wydawcy (P)
    • Suhrkamp,
    • c
    • Data wydania (P)
    • 1973.
300 -Strefa opisu fizycznego [ , ]
    • a
    • Określenie formy książki i/lub objętość (NP)
    • 300, [3] strony ;
    • c
    • Format (NP)
    • 18 cm.
336 -Typ zawartości [ , ]
    • a
    • Termin opisujący typ zawartości
    • Tekst
    • b
    • Kod określający zawartość
    • txt
    • 2
    • Źródło (terminu i kodu)
    • rdacontent
337 -Typ mediów [ , ]
    • a
    • Tryb odtwarzania
    • Bez urządzenia pośredniczącego
    • b
    • Kod typu mediów
    • n
    • 2
    • Źródło (terminu i kodu)
    • rdamedia
338 -Typ/rodzaj nośnika [ , ]
    • a
    • Hasło opisujące typ nośnika
    • Wolumin
    • b
    • Kod typu nośnika
    • nc
    • 2
    • Źródło (terminu i kodu)
    • rdacarrier
490 -Strefa serii i książki wielotomowej - forma nie do wyszukiwania [1, ]
    • a
    • Tytuł (P)
    • Suhrkamp Taschenbuch ; Find
    • v
    • Numeracja (P)
    • 169
830 -Hasło dodatkowe serii i opisu książki wielotomowej - tytuł ujednolicony/tytuł [ ,0]
    • a
    • Tytuł ujednolicony/tytuł (NP)
    • Suhrkamp Taschenbuch
    • x
    • ISSN
    • 0930-9721
    • v
    • Oznaczenie tomu (NP)
    • 169
    • 9
    • KHW
    • 37681
655 -Hasło w funkcji tematu formalnego [ ,7]
    • a
    • Hasło
    • Powieść niemiecka
    • y
    • Określnik chronologiczny
    • 1945-1970.
    • 2
    • Źródło terminu
    • kaba
    • 9
    • KHW
    • 358978
710 -Hasło dodatkowe - nazwa ciała zbiorowego [2, ]
    • a
    • Nazwa ciała zbiorowego lub nazwa geograficzna jako pierwszy element (NP)
    • Suhrkamp Verlag.
    • e
    • Rodzaj współpracy
    • Wydawca
    • 4
    • Kod relacji
    • pbl
    • 9
    • KHW
    • 56105
920 -ISBN [ , ]
    • a
    • ISBN
    • 3-518-36669-6 Find
Sygnatura Lokalizacja Data inwentaryzacji Status udost. Numer inwentarzowy
Germ. Literatura niemieckaBM1995-11-13-3G.10101
Germ. Literatura niemieckaBM1995-11-13-3G.10097
Germ. Literatura niemieckaBM1995-11-13-3G.10098
Germ. Literatura niemieckaBM1995-11-13-3G.10099
 BM1995-11-131G.10100
Germ. Literatura niemieckaBM1995-11-13-3G.10102
Germ. Literatura niemieckaBM1995-11-13-3G.10103